7 Continents by Picture - Statistics

General Stats
  • This quiz has been taken 60 times
  • The average score is 7 of 7
Answer Stats
Picture Answer % Correct
Europe
100%
South America
100%
Australia
95%
North America
95%
Asia
93%
Africa
90%
Antarctica
86%
No matching quizzes found
Score Distribution
Percent of People with Each Score
Percentile by Number Answered
Your Score History
You have not taken this quiz